Real or Fake - Books of the Bible - Statistics

General Stats
  • This quiz has been taken 80 times
  • The average score is 25 of 30
Answer Stats
Hint Answer % Correct
Kings Yes
97%
Joshua Yes
97%
Leviticus Yes
97%
John Yes
97%
Job Yes
97%
Nahos No
95%
Heresies No
94%
Jude Yes
94%
Numbers Yes
94%
Toviah No
92%
Nehemiah Yes
92%
Hebrews Yes
92%
Knowledge No
90%
Inspirations No
90%
Isaiah Yes
90%
Spartans No
89%
Nahareb No
87%
Thracians No
87%
Aaron No
84%
Hezekuliah No
84%
Absalom No
84%
Philemon Yes
83%
Titus Yes
81%
Haggai Yes
78%
Genesis Yes
75%
Jacob No
71%
Joel Yes
71%
Paul No
67%
Solomon No
48%
Elijah No
44%
No matching quizzes found
Score Distribution
Percent of People with Each Score
Percentile by Number Answered
Your Score History
You have not taken this quiz